A pszichológia tudathasadása. A termelés-elv és egy egységes pszichológia lehetősége
Elmentve itt :
| Szerző: | |
|---|---|
| Adatforrás: | Philobibl |
| Forrásdokumentuma: | Világosság 20 1979/6., 343-351. p. |
| Dokumentumtípus: | Cikk |
| Nyelv: | magyar |
| LEADER | 00345nab a2200097 c 4500 | ||
|---|---|---|---|
| 001 | bibDOK00009985 | ||
| 005 | 20200924120531.8 | ||
| 008 | 060518s1979 xx hun | ||
| 100 | 1 | |a Garai László | |
| 245 | 1 | 2 | |a A pszichológia tudathasadása. A termelés-elv és egy egységes pszichológia lehetősége |c Garai László |
| 773 | 0 | |t Világosság 20 |g 1979/6., 343-351. p. | |